Movies Quiz

Random Movies or James Bond Quiz
Score 0/7 Timer 02:00
2 Plays Today
% Correct
1979Moonraker
90%
1983Octopussy
88.8%
1973Live and Let Die
81.1%
1974The Man with the Golden Gun
74%
1977The Spy Who Loved Me
72.8%
1985A View to a Kill
70.4%
1981For Your Eyes Only
59.1%
Remove Ads.
Support Sporcle.
Get the best of Sporcle when you Go Orange. This ad-free experience offers more features, more stats, and more fun while also helping to support Sporcle. Thank you for becoming a member.

You're not logged in!

Compare scores with friends on all Sporcle quizzes.
OR
Log In

Show Comments

Extras

Top Quizzes Today


Score Distribution

Your Account Isn't Verified!

In order to create a playlist on Sporcle, you need to verify the email address you used during registration. Go to your Sporcle Settings to finish the process.

Report this User

Report this user for behavior that violates our Community Guidelines.

Details: